000 00655nam a22001817a 4500
999 _c15011
_d15011
003 OSt
082 _2631.75 807 SWA/IM
088 _aT 322
100 _aSWATHA V. S
_93498
245 _aImprovement of purification system for roof water harvesting
260 _aTavanur 2015
_bDEPARTMENT OF LAND &WATER RESOURCES AND CONSERVATION ENGINEERING
300 _a90
500 _aImprovement of purification system for roof water harvesting
520 _aImprovement of purification system for roof water harvesting
700 _aDr. Sathian K. K (Guide)
_93449
856 _uhttps://drive.google.com/open?id=1gOnTuqhzXRFKzLulM6DBulAu5Nr7GeIB
942 _cTH